Basic electrical engineering : (Record no. 166199)

MARC details
000 -LEADER
fixed length control field 00706nam a22001937a 4500
005 - DATE AND TIME OF LATEST TRANSACTION
control field 20190716153455.0
010 ## - LCCN (DPL NO)
LC control number ENG-125953
020 ## - INTERNATIONAL STANDARD BOOK NUMBER
International Standard Book Number 9789353436612
Terms of availability 399.00
035 ## - SYSTEM CONTROL NUMBER
System control number EN-109485
037 ## - SOURCE OF ACQUISITION
Source of stock number/acquisition DBAD/PUB
082 ## - DEWEY DECIMAL CLASSIFICATION NUMBER
Classification number 621.3
100 ## - MAIN ENTRY--PERSONAL NAME
Personal name Bhattacharya, S.K.
245 ## - TITLE STATEMENT
Title Basic electrical engineering :
Statement of responsibility, etc by S.K.Bhattacharya
Remainder of title as per recommended syllabus of AICTE /
260 ## - PUBLICATION, DISTRIBUTION, ETC. (IMPRINT)
Place of publication, distribution, etc Noida
Name of publisher, distributor, etc Pearson India Education
Date of publication, distribution, etc 2019
270 ## - ADDRESS
Address 15th Floor, Tower-B, World Trade Tower, Plot No.I, Block-C, Sector 16
City Noida, Uttar Pradesh
Postal code 201301
Electronic mail address companysecretary.india@pearson.com
300 ## - PHYSICAL DESCRIPTION
Extent various paging.
Dimensions 23cm(pbk)
500 ## - GENERAL NOTE
General note Includes index
942 ## - ADDED ENTRY ELEMENTS (KOHA)
Source of classification or shelving scheme Dewey Decimal Classification
Item type English Books
Classification part 621.3
Call number suffix BHA
Holdings
Withdrawn status Lost status Not for loan Collection code Home library Current library Date acquired Source of acquisition Cost, normal purchase price Full call number Barcode Copy number Cost, replacement price Koha item type
      Non-fiction Ashok Vihar Ashok Vihar 16/07/2019 DBAD/PUB 399.00 621.3 BHA EN-109485 1 399.00 English Books

© Delhi Public Library
Hit Counter
free hit counter